LEADER 00953nam a2200217 4500 001 000000356876 003 CaOOAMICUS 005 20240122142717.0 008 240122s1899 pl 000 u pol r 040 $aSeMil$bita 100 11$aAlighieri, Dante,$d<1265-1321>.$0(OLS)http://semarc/name/453 240 10$aDivina Commedia. Purgatorio.$0(OLS)http://semarc/title/134458 245 10$a2: Czysciec /$cDante Alighieri ; z wizerunkiem autora. 264 1$aWarszawa :$bGebethner i Wolf,$c1899. 300 $a332 p., [1] carta di tav. :$britr. ;$c12 cm 773 0 $aAlighieri, Dante <1265-1321>$tBoska komedja.$dWarszawa : Gebethner i Wolf, 1899-1906.$g2$w()356874 850 $aSeMil 852 $aSeMil$W1$xVenegono$y1$m1R I 14 FA$j245551$B248069$CSeMilBibl$Z2$F248069 $8I 996 $6245$a2: Czysciec$9(OLS)http://semarc/title/447104 996 $6264$aWarszawa :$bGebethner i Wolf$9(OLS)http://semarc/publisher/61493 LEADER 01064nam a2200169 i 4500 001 000000023568 003 CaOOAMICUS 005 20180830125446.0 008 180830s1941 it u000 u ita u 040 $aSeMil$bita 100 1 $aRoberti, Francesco .$0(OLS)http://semarc/name/10496 245 13$aDe processibus :$bopus ad codicis schemata exactum novissimis S. Congregationis de sacramentis instructionibus normisque S. Romanae Rotae ... inspecta /$cFrancesco Roberti. 260 $aRomae :$bapud custodiam librariam Pontificii instituti utriusque iuris,$c1941. 300 $av. ;$c24 cm. 774 0 $aRoberti, Francesco $t1: de actione, de praesuppositis processus et sententiae de merito.$bEditio altera, impressio 3.$g1$w()52122 996 $6245$aDe processibus :$bopus ad codicis schemata exactum novissimis S. Congregationis de sacramentis instructionibus normisque S. Romanae Rotae ... inspecta$9(OLS)http://semarc/title/31603 996 $6260$aRomae :$bapud custodiam librariam Pontificii instituti utriusque iuris$9(OLS)http://semarc/publisher/35952